Normal view
MARC view
- Ghazi, Muhammad Waqas
Entry Personal Name
001 - CONTROL NUMBER
- control field: 131005
003 - CONTROL NUMBER IDENTIFIER
- control field: NUST
005 - DATE AND TIME OF LATEST TRANSACTION
- control field: 20251008153147.0
008 - FIXED-LENGTH DATA ELEMENTS
- fixed length control field: 251008|| aca||aabn | a|a d
040 ## - CATALOGING SOURCE
- Original cataloging agency: NUST
- Transcribing agency: NUST
100 ## - HEADING--PERSONAL NAME
- Personal name: Ghazi, Muhammad Waqas
670 ## - SOURCE DATA FOUND
- Source citation: Work cat.: (NUST): Ghazi, Muhammad Waqas , VISIT TO UNIVERSITY OF SOUTHAMPTON MALAYSIA & PELABUHAN TANJUNG PELEPAS Sdn Bhd (PTP) – A PREMIER TRANSHIPMENT COMPANY IN MALAYSIA UNDER THE INTERNATIONAL EXPOSURE PROGRAM OF NUST-NBS/
